书目信息 |
| 书名: | The Perfect Match: A Dog Buyer's Guide | |
| 作者: | Chris Walkowicz | |
| 分册号: | ||
| 分册名: | 出版地: | NEW YORK |
|
| 出版社: | John Wiley & Sons | |
| 出版时间: | 1996 | |
| 页数: | 233P | |
| 开本: | 25CM | |
| 丛书名: | ||
| 中图分类号: | ||
| 科图分类号: | ||
| 其他分类号: | S829.2 | |
| 主题词: | ||
| 电子资源: | ||
| 000 | 00416nam0 2200145 450 | |
| 001 | 202012003569 | |
| 005 | 20121206095046.0 | |
| 008 | 12120601s | |
| 020 | @a9780876057674@c$16.95 | |
| 099 | @dS829.2@eC5541 | |
| 245 | 10 | @aThe Perfect Match: A Dog Buyer's Guide @c Chris Walkowicz |
| 260 | 0 | @aNEW YORK@b John Wiley & Sons @c1996 |
| 300 | @a233P@c25CM | |
| 905 | @b15183-4 | |
| 905 | @aTSG@dS829.2@eC5541 | |
| The Perfect Match: A Dog Buyer's Guide / Chris Walkowicz .-NEW YORK : John Wiley & Sons , 1996 |
| 233P ; 25CM |
| ISBN 9780876057674$16.95 |
| ● |
| 相关链接 |
|
|
|
正题名:The Perfect Match: A Dog Buyer's Guide
索取号:S829.2/C5541
 
预约/预借
| 序号 | 登录号 | 条形码 | 馆藏地/架位号 | 状态 | 备注 |
| 1 | 15183 | 300151831 | 自科库401/422社科库 53排4列1层/ [索取号:S829.2/C5541] | 在馆 | |
| 2 | 15184 | 300151840 | 自科库401/422社科库 53排4列1层/ [索取号:S829.2/C5541] | 在馆 |